Teorías del aprendizaje (Registro nro. 247)

Detalles MARC
000 -Cabecera
Campo de control interno 00659nam a2200217Ia 4500
005 - Fecha y hora del registro
control field 20251205092241.0
008 - Elementos de Longitud Fija
fixed length control field 251203t2010||||xx |||||||||||||| ||spa||
020 ## - ISBN
ISBN 9789972111150
041 ## - Idioma
Codigo Idioma ESP
082 ## - DEWEY y NOTACIÓN INTERNA
Dewey 370.1523
Notación Interna CH549
100 ## - AUTOR
Autor denominación Chico González, Pedro,
Títulos y otras palabras asociadas con el nombre AUT
245 #0 - TÍTULO DE MATERIAL BIBLIOGRÁFICO
Título Teorías del aprendizaje
250 ## - EDICIÓN
Edición Primera edición
260 ## - CIUDAD, EDITORIAL, AÑO
Ciudad Lima :
Nombre de la Editorial Asociación Editorial Bruño,
Año 2010
300 ## - DESCRIPCIÓN
N° Páginas 363 páginas :
Otros detalles ilustraciones, retratos ;
Dimensiones 24 cm.
650 ## - TEMAS
Temas Ciencias Sociales
653 ## - DESCRIPTORES
Lenguajes no controlado Teorías del aprendizaje; Psicología del aprendizaje; Aprendizaje - Estudio y enseñanza
654 ## - PROGRAMAS
Programa Todos los programas
942 ## - ELEMENTOS DE KOHA
Tipo de documento Libro
Nombre del creador Justo Noguera
Código de catalogador Margarita Torres
Esquema de clasificación Dewey Decimal Classification
Existencias
Codigo completo Registro Colección Copia número Disponibilidad Tipo de préstamo Biblioteca Actual Procedencia (Biblioteca) Ubicacón Fecha Ingreso Tipo de Adquisición Date last seen Total checkouts Price effective from Tipo de Item Estado del Material Fuente de Clasificación Damaged status Withdrawn status
370.1523 CH549 1085120 Colección Vera Bejar 1   Restringido Víctor Andrés Belaunde Víctor Andrés Belaunde Planta baja cerrada 03/12/2025 Donación 03/12/2025   03/12/2025 Libro Bueno Dewey Decimal Classification   Withdrawn